[Event "Blitz Match"]
[Site "Prague CZE"]
[Date "2005.11.04"]
[Round "8"]
[White "Shirov,A"]
[Black "Navara,D"]
[Result "1/2-1/2"]
[WhiteElo "2710"]
[BlackElo "2646"]

1.e4 c5 2.Nf3 e6 3.d4 cxd4 4.Nxd4 Nc6 5.Nc3 a6 6.Be2 d6 7.Be3 Nf6 8.f4 Be7
9.g4 Qa5 10.Nb3 Qc7 11.g5 Nd7 12.Qd2 b5 13.O-O-O Bb7 14.f5 Na5 15.Nxa5 Qxa5
16.a3 b4 17.axb4 Qa1+ 18.Nb1 Bxe4 19.fxe6 fxe6 20.Rhf1 Rc8 21.Bd3 Bd5 22.Bd4 e5
23.Bf5 Ba2 24.c3 exd4 25.Qxd4 Bxg5+ 26.Kc2 Bxb1+ 27.Rxb1 Qa4+ 28.b3 Qc6 29.Rbe1+ Kd8
30.Qxg7 Bf6 31.Qxd7+ Qxd7 32.Bxd7 Rxc3+ 33.Kd2 Kxd7 34.Rxf6 Rxb3 35.Ree6 Rd8
36.Rxd6+ Kc7 37.Rxd8 Kxd8 38.Rxa6  1/2-1/2

[Event "9th Bavarian Open"]
[Site "Bad Wiessee GER"]
[Date "2005.11.05"]
[Round "8"]
[White "Zaragatski,I"]
[Black "Graf,F"]
[Result "1-0"]
[WhiteElo "2376"]
[BlackElo "2187"]

1.e4 c5 2.Nf3 e6 3.d4 cxd4 4.Nxd4 Nc6 5.Nc3 Qc7 6.Be3 a6 7.Bd3 b5 8.Nxc6 Qxc6
9.O-O Bb7 10.Re1 Ne7 11.Qg4 h5 12.Qh3 Ng6 13.Rad1 Bc5 14.a4 b4 15.Nd5 Kf8
16.Bxc5+ Qxc5 17.Qe3 Qxe3 18.Nxe3 h4 19.Nc4 Nf4 20.Na5 Bc6 21.Nxc6 Nxd3 22.cxd3 dxc6
23.Rc1 Rc8 24.Rc4 c5 25.Kf1 Ke7 26.Rec1 Rh5 27.Rxb4 cxb4 28.Rxc8 h3 29.g3 Kd7
30.Rc4 a5 31.Ke2 Kd6 32.d4 f6 33.Kd3 g6 34.Rc8 Rg5 35.Rh8 e5 36.d5 f5 37.f3  1-0

[Event "FSIMB November"]
[Site "Budapest HUN"]
[Date "2005.11.05"]
[Round "1"]
[White "Wiwe,A"]
[Black "Murzin,L"]
[Result "1-0"]
[WhiteElo "2210"]
[BlackElo "2206"]

1.e4 c5 2.Nf3 e6 3.d4 cxd4 4.Nxd4 Nc6 5.Nc3 Qc7 6.Be3 Nf6 7.Bd3 a6 8.O-O Ne5
9.Nf3 Neg4 10.Bd2 d6 11.a4 b6 12.Qe2 Be7 13.Rad1 O-O 14.Kh1 Bb7 15.h3 Ne5
16.Nxe5 dxe5 17.f4 Nd7 18.f5 exf5 19.Rxf5 Nf6 20.Rdf1 Rfd8 21.Bg5 Bc8 22.Bxf6 Bxf6
23.Rxf6 gxf6 24.Nd5 Qd6 25.Nxf6+ Kf8 26.Nxh7+ Ke7 27.Bc4 Be6 28.Bxe6 fxe6
29.Qh5 Qd4 30.Ng5 Qc4 31.Qf7+ Kd6 32.b3 Qc8 33.Nxe6 Rd7 34.Qf2 Kc6 35.Nf8 Rd6
36.Qf7 b5 37.Ng6 Qe8 38.Ne7+ Kd7 39.Nd5+ Qxf7 40.Rxf7+ Ke8 41.Re7+ Kf8 42.Rxe5 bxa4
43.bxa4 Rc8 44.Rf5+ Kg7 45.Rf2 Rc4 46.Ne3 Rdc6 47.Nxc4 Rxc4 48.e5 Rxa4 49.Rf6 a5
50.Ra6  1-0

[Event "TCh-CZE Extraliga 2005-6"]
[Site "Czech Rep CZE"]
[Date "2005.11.05"]
[Round "3"]
[White "Rasik,V"]
[Black "Jansa,Vl"]
[Result "1-0"]
[WhiteElo "2466"]
[BlackElo "2518"]

1.e4 c5 2.Nf3 e6 3.d4 cxd4 4.Nxd4 Nc6 5.Nc3 a6 6.Be3 Nf6 7.Bd3 d5 8.exd5 exd5
9.O-O Bd6 10.Re1 O-O 11.h3 Re8 12.Nf3 h6 13.Ne2 Bd7 14.Ned4 Ne4 15.c3 Qf6
16.Bc2 Rad8 17.Bb3 Ne7 18.Rc1 Bb8 19.a3 Bc8 20.Ba4 b5 21.Bb3 Nf5 22.Nxf5 Bxf5
23.Qd4 Qd6 24.Qb4 Qg6 25.Nh4 Qf6 26.Nxf5 Qxf5 27.Qd4 Qg6 28.Rcd1 Qd6 29.f4 Nf6
30.Qb6 Qd7 31.Qxa6 Re6 32.Qa5 Rde8 33.Bf2 Bxf4 34.a4 Rxe1+ 35.Rxe1 Rxe1+
36.Bxe1 Be3+ 37.Kf1 bxa4 38.Qa8+ Kh7 39.Qxa4 Qf5+ 40.Ke2 Qe5 41.Bc2+ g6 42.Kf3 Bc1
43.Qa7 Kg7 44.Bg3 Qh5+ 45.Kf2 Bxb2 46.Qd4 Ba3 47.Be5 Be7 48.Qxd5 Qh4+ 49.Kf1 Qg5
50.Bb3 Kh8 51.Bd4 Qxd5 52.Bxd5 Kg8 53.Bf3 Nd7 54.Ke2 Kf8 55.Kd3 Ke8 56.Kc4 Kd8
57.Bd5 Ke8 58.Kb5 h5 59.c4 Nf6 60.Bc6+ Kd8 61.Bb6+ Kc8 62.Ka6 h4 63.Ka7 g5
64.c5 Nd7 65.Bb7+  1-0

[Event "TCh-NED 2005-6"]
[Site "Netherlands NED"]
[Date "2005.11.05"]
[Round "3"]
[White "Rothuis,V"]
[Black "Peng Zhaoqin"]
[Result "1/2-1/2"]
[WhiteElo "2313"]
[BlackElo "2402"]

1.e4 c5 2.Nf3 e6 3.d4 cxd4 4.Nxd4 Nc6 5.Nc3 Qc7 6.Be2 a6 7.Be3 b5 8.Nxc6 Qxc6
9.O-O Bb7 10.Bf3 Ne7 11.Re1 Qc7 12.Nd5 exd5 13.exd5 d6 14.c4 bxc4 15.Rc1 f6
16.Qe2 Ng6 17.Rxc4 Qf7 18.Bb6+ Be7 19.Rc7 Bc8 20.Bh5 O-O 21.Bxg6 Qxg6 22.Rxe7 Rb8
23.Bd4 Rb5 24.a4 Rb4 25.Qd2 Bh3 26.g3 Qg4 27.f4 Qf3 28.Bc3 Rxa4 29.R7e3 Qh5
30.Qd1 Qxd1 31.Rxd1 Rc4 32.Rde1 Rc5 33.Rd3 a5 34.Kf2 a4 35.Re7 Rf7 36.Re8+ Rf8
37.Re7 Rf7  1/2-1/2

[Event "9th Bavarian Open"]
[Site "Bad Wiessee GER"]
[Date "2005.11.06"]
[Round "9"]
[White "Morawietz,D"]
[Black "Delchev,A"]
[Result "1/2-1/2"]
[WhiteElo "2385"]
[BlackElo "2669"]

1.e4 c5 2.Nf3 e6 3.d4 cxd4 4.Nxd4 Nc6 5.Nc3 Qc7 6.Be2 a6 7.O-O Nf6 8.Kh1 Bb4
9.Nxc6 bxc6 10.f4 d5 11.e5 Nd7 12.Na4 Nb6  1/2-1/2

[Event "WJun"]
[Site "Instanbul TUR"]
[Date "2005.11.09"]
[Round "1"]
[White "Negi,P"]
[Black "Alekseev,Evgeny"]
[Result "1/2-1/2"]
[WhiteElo "2352"]
[BlackElo "2632"]

1.e4 c5 2.Nf3 e6 3.d4 cxd4 4.Nxd4 Nc6 5.Nc3 a6 6.Be3 Nf6 7.f4 Bb4 8.Bd3 Qb6
9.a3 Nxd4 10.Qd2 Be7 11.O-O-O Qc5 12.b4 Qb6 13.Bf1 d6 14.Qxd4 Qc7 15.Qc4 Qxc4
16.Bxc4 b5 17.Be2 Bb7 18.Bf3 Nd7 19.Rd3 O-O 20.Rhd1 Rfc8 21.Kb2 Rc4 22.Bd4 Rac8
23.Kb3 h6 24.R1d2 R4c7 25.Nd1 Nc5+ 26.Bxc5 dxc5 27.Rd7 g5 28.g3 Kg7 29.Rxc7 Rxc7
30.c3 f5 31.Re2 cxb4 32.axb4 Rd7 33.Kc2 Rc7 34.Kd3 Bd6 35.fxg5 hxg5 36.Bg2 Rd7
37.Rd2 f4 38.g4 Bc7+ 39.Ke2 Rxd2+ 40.Kxd2 Bb6 41.Nb2 e5 42.Kd3 Kf6 43.Bf3 Ke6
44.h3 Kd6 45.Kc2 Bc8 46.Nd3 Be6 47.Nc1 Bf7 48.Nb3 Be3 49.Nd2 Bxd2 50.Kxd2 Kc6
51.Kc2 Kb6 52.Kb2 a5 53.Ka3 Bc4 54.Kb2 Bf1 55.Ka3 a4  1/2-1/2

[Event "zt 2.5"]
[Site "Las Condes CHI"]
[Date "2005.11.09"]
[Round "4"]
[White "Duarte,L"]
[Black "Lafuente,P"]
[Result "1/2-1/2"]
[WhiteElo "2397"]
[BlackElo "2421"]

1.e4 c5 2.Nf3 e6 3.d4 cxd4 4.Nxd4 Nc6 5.Nc3 a6 6.Be2 d6 7.O-O Nf6 8.Be3 Be7
9.f4 O-O 10.Qe1 Bd7 11.Qg3 Nxd4 12.Bxd4 Bc6 13.Kh1 b5 14.a3 Qc7 15.Rae1 Rad8
16.Bf3 Qb7 17.Re2 Ne8 18.Nd5 exd5 19.exd5 Bxd5 20.Rxe7 Qxe7 21.Bxd5 Qe2 22.Re1 Qh5
23.Bb7 f6 24.Re7 Qd1+ 25.Bg1 Qxc2 26.Be4 Qxb2 27.Bxh7+ Kxh7 28.Qh3+ Kg8 29.Qe6+  1/2-1/2

[Event "zt 2.5"]
[Site "Las Condes CHI"]
[Date "2005.11.09"]
[Round "4"]
[White "Rojas,L"]
[Black "Needleman,A"]
[Result "0-1"]
[WhiteElo "2435"]
[BlackElo "2377"]

1.e4 c5 2.Nf3 e6 3.d4 cxd4 4.Nxd4 Nc6 5.Nc3 Qc7 6.Be3 a6 7.Qd2 Nf6 8.O-O-O Nxd4
9.Qxd4 d6 10.f3 b5 11.g4 Bb7 12.g5 Nd7 13.h4 Rc8 14.f4 d5 15.Rh2 Bc5 16.Qd2 b4
17.Na4 Bxe3 18.Qxe3 dxe4 19.Qd4 Qxf4+ 20.Rhd2 O-O 21.Qxd7 Bc6 22.Qd6 Qxd6
23.Rxd6 Bxa4 24.b3 Bb5 25.Bxb5 axb5 26.Re1 h6 27.Rxe4 hxg5 28.hxg5 Kh7 29.Rxb4 Rc5
30.Rb6 Rfc8 31.R6xb5 Rxc2+ 32.Kb1 Rc1+ 33.Kb2 R8c2+ 34.Ka3 Rf2 35.Rc4 Re1
36.Kb4 Ree2 37.Kc5 Kg6 38.Kb6 Rf5 39.Rxf5 exf5 40.b4 Kxg5 41.b5 Rb2 42.Kc5 f4  0-1

[Event "ch-VEN"]
[Site "Paracotos VEN"]
[Date "2005.11.10"]
[Round "4"]
[White "Ostos,J"]
[Black "Soto Paez,O"]
[Result "1/2-1/2"]
[WhiteElo "2312"]
[BlackElo "2310"]

1.e4 c5 2.Nf3 e6 3.d4 cxd4 4.Nxd4 Nc6 5.Nc3 Qc7 6.Be3 a6 7.f3 Nf6 8.Qd2 b5
9.O-O-O Bb7 10.g4 h6 11.h4 Ne5 12.Be2 Bb4 13.g5 Nh5 14.f4 Ng3 15.fxe5 Nxe4
16.Qd3 Nc5 17.Qd2 Ne4 18.Qd3 Nc5 19.Qd2 Ne4  1/2-1/2

[Event "1st GM"]
[Site "Scanno ITA"]
[Date "2005.11.11"]
[Round "6"]
[White "Mogranzini,R"]
[Black "Fogarasi,T"]
[Result "1/2-1/2"]
[WhiteElo "2353"]
[BlackElo "2482"]

1.e4 c5 2.Nf3 e6 3.d4 cxd4 4.Nxd4 Nc6 5.Nc3 Qc7 6.Be2 a6 7.Be3 Nf6 8.O-O Be7
9.Kh1 O-O 10.f4 d6 11.a4 Re8 12.Qd2 Bd7 13.Nb3 b6 14.Bf3 Rab8 15.Qf2 Na5
16.Nd2 Bc8 17.e5  1/2-1/2

[Event "zt 2.5"]
[Site "Las Condes CHI"]
[Date "2005.11.12"]
[Round "9"]
[White "Pierrot,F"]
[Black "Lafuente,P"]
[Result "0-1"]
[WhiteElo "2445"]
[BlackElo "2421"]

1.e4 c5 2.Nf3 e6 3.d4 cxd4 4.Nxd4 Nc6 5.Nc3 d6 6.Be2 Nf6 7.O-O Be7 8.Be3 O-O
9.f4 Bd7 10.Nb3 a5 11.a4 Nb4 12.Bf3 e5 13.Rf2 Qc7 14.Rd2 Rfd8 15.Kh1 Bc6
16.Qg1 Nd7 17.f5 b6 18.g4 Bb7 19.Qg2 Qc4 20.Qe2 Qc8 21.g5 Bf8 22.Rg1 d5 23.exd5 Nc5
24.Nxc5 bxc5 25.Bg4 Qb8 26.Bf3 e4 27.Bxe4 Re8 28.Bf2 Qf4  0-1

[Event "1st GM"]
[Site "Scanno ITA"]
[Date "2005.11.12"]
[Round "9"]
[White "Martorelli,A"]
[Black "Fogarasi,T"]
[Result "1/2-1/2"]
[WhiteElo "2255"]
[BlackElo "2482"]

1.e4 c5 2.Nf3 e6 3.d4 cxd4 4.Nxd4 Nc6 5.Nc3 Qc7 6.Be2 a6 7.O-O Nf6 8.Be3 Be7
9.f4 d6 10.Qe1 O-O 11.Qg3 Nxd4 12.Bxd4 b5 13.a3 Bb7  1/2-1/2

[Event "Bundesliga 2005-6"]
[Site "Bremen GER"]
[Date "2005.11.13"]
[Round "4"]
[White "Berndt,S"]
[Black "Pelletier,Y"]
[Result "1/2-1/2"]
[WhiteElo "2447"]
[BlackElo "2583"]

1.e4 c5 2.Nf3 e6 3.d4 cxd4 4.Nxd4 Nc6 5.Nc3 Qc7 6.Be3 Nf6 7.Bd3 a6 8.O-O Nxd4
9.Bxd4 Bc5 10.Be2 e5 11.Bxc5 Qxc5 12.a4 b6 13.Qd3 Bb7 14.Kh1 O-O 15.f4 Rfe8
16.Bf3 Rac8 17.fxe5 Rxe5 18.Rad1 b5 19.axb5 axb5 20.Qd4 Kf8 21.Qxc5+ Rcxc5
22.Rd4 Bc6 23.Kg1 Re8 24.Rfd1 Rce5 25.R1d2 h5 26.g3 Bxe4  1/2-1/2

[Event "British Rapidplay"]
[Site "Halifax ENG"]
[Date "2005.11.13"]
[Round "10"]
[White "Haslinger,S"]
[Black "Tozer,R"]
[Result "1-0"]
[WhiteElo "2426"]
[BlackElo "2302"]

1.e4 c5 2.Nf3 Nc6 3.d4 cxd4 4.Nxd4 e6 5.Nc3 Qc7 6.Be3 a6 7.Bd3 b5 8.Nxc6 dxc6
9.O-O Bb7 10.f4 c5 11.a3 Rd8 12.Qe1 Nf6 13.e5 Ng4 14.Be4 c4 15.Kh1 Nxe3 16.Qxe3 Bc5
17.Qf3 Bxe4 18.Nxe4 Be7 19.f5 exf5 20.Qxf5 O-O 21.Nf6+ gxf6 22.exf6 Bxf6
23.Qxf6 Rd6 24.Qf4 Qd7 25.Rae1 Re8 26.Rxe8+  1-0

[Event "TCh-HUN 2005-6"]
[Site "Hungary HUN"]
[Date "2005.11.13"]
[Round "3"]
[White "Cao Sang"]
[Black "Markus,R"]
[Result "1/2-1/2"]
[WhiteElo "2488"]
[BlackElo "2579"]

1.e4 c5 2.Nf3 e6 3.Nc3 Nc6 4.d4 cxd4 5.Nxd4 Qc7 6.Ndb5 Qb8 7.Be3 a6 8.Bb6 axb5
9.Nxb5 Bb4+ 10.c3 Ba5 11.Nc7+ Qxc7 12.Bxc7 Bxc7 13.Qg4 g6 14.Bb5 Nge7 15.O-O f5
16.exf5 Nxf5 17.a4 O-O 18.b4 d5 19.Qd1 Nd6 20.Bd3 Ne5 21.a5 Nxd3 22.Qxd3 Bd7
23.Rfe1 Rae8 24.Qe3 Bb5 25.f3 Bc4 26.Kh1 Rf7 27.Qc5 e5 28.Rad1 e4 29.Rxd5 Bxd5
30.Qxd5 e3 31.c4 Bb8 32.g4 Nc8 33.c5 Bf4 34.b5 Na7 35.a6 Nxb5 36.axb7 Nc7
37.Qc4 Ne6 38.c6 g5 39.Qe4 Ng7 40.Qc4 Ne6 41.Qe4 Ng7 42.Qc4 Ne6 43.Qe4  1/2-1/2

[Event "WJun"]
[Site "Instanbul TUR"]
[Date "2005.11.13"]
[Round "5"]
[White "Shlykov,V"]
[Black "Xie,G"]
[Result "0-1"]
[WhiteElo "2238"]
[BlackElo "2340"]

1.e4 c5 2.Nc3 e6 3.Nge2 Nc6 4.d4 cxd4 5.Nxd4 Nf6 6.Ndb5 d6 7.Bf4 e5 8.Bg5 a6
9.Na3 b5 10.Bxf6 gxf6 11.Nd5 Bg7 12.c3 f5 13.exf5 Bxf5 14.Nc2 O-O 15.Nce3 Be6
16.g4 b4 17.Bg2 bxc3 18.bxc3 Rc8 19.O-O Ne7 20.c4 Ng6 21.Be4 Kh8 22.Rc1 Bh6
23.Rc2 Bf4 24.Kh1 Qg5 25.Nf5 Rcd8 26.f3 Bxf5 27.gxf5 Nh4 28.Rg1 Qh5 29.Qd3 Bg5
30.Rb2 Rg8 31.Rbb1 Qh6 32.Rg4 Rb8 33.Rgg1 a5 34.a4 Bd2 35.Rbd1 Rb2 36.Rxg8+ Kxg8
37.Rg1+ Kh8 38.Ne7 Bg5 39.f6 Nxf3 40.Rg2 Qxh2+  0-1

[Event "WJun"]
[Site "Instanbul TUR"]
[Date "2005.11.14"]
[Round "6"]
[White "Heberla,B"]
[Black "Khairullin,I"]
[Result "1/2-1/2"]
[WhiteElo "2465"]
[BlackElo "2537"]

1.e4 c5 2.Nc3 e6 3.Nf3 Nc6 4.d4 cxd4 5.Nxd4 Nf6 6.Nxc6 bxc6 7.e5 Nd5 8.Ne4 Qc7
9.f4 Rb8 10.Bd3 Qb6 11.Qe2 Be7 12.c4 f5 13.Nd6+ Bxd6 14.exd6 Qb4+ 15.Kf1 Nf6
16.Qe5 O-O 17.Ke2 Ng4 18.a3 Qb6 19.c5 Nxe5 20.cxb6 Nxd3 21.Kxd3 axb6 22.b4 c5
23.Bb2 Bb7 24.Rhg1 Rfc8 25.g4 g6 26.gxf5 exf5 27.Rgc1 Be4+ 28.Ke3 Kf7 29.h4 Ke6
30.Be5 Rc6 31.b5 Rxd6 32.Bxd6 Kxd6 33.a4 Ra8 34.a5 Rxa5 35.Rxa5 bxa5 36.Ra1 Kc7
37.Rxa5 Bb7 38.Ra2 Kb6 39.Rb2 d5 40.Kd3 Bc8 41.Re2 Bd7 42.Re7 Bxb5+ 43.Kc2 d4
44.Rxh7 c4 45.Rh6 Kc5 46.Rxg6 Ba4+ 47.Kc1 c3 48.Rg3 Be8 49.Rg8 Bh5  1/2-1/2

[Event "WJun"]
[Site "Instanbul TUR"]
[Date "2005.11.16"]
[Round "7"]
[White "Heberla,B"]
[Black "Zhigalko,A"]
[Result "1-0"]
[WhiteElo "2465"]
[BlackElo "2537"]

1.e4 c5 2.Nf3 e6 3.d4 cxd4 4.Nxd4 Nc6 5.Nc3 a6 6.Be2 Qc7 7.O-O b5 8.Nxc6 dxc6
9.a4 b4 10.Nb1 Nf6 11.Nd2 Bc5 12.Bd3 O-O 13.Qe2 e5 14.Nb3 Bg4 15.Qe1 Be7
16.Bc4 c5 17.f3 Bc8 18.a5 Ne8 19.Be3 Rb8 20.Qf2 Nd6 21.Bd5 c4 22.Bb6 Qd7
23.Nd2 c3 24.bxc3 bxc3 25.Nb3 Nb5 26.Rfd1 Bg5 27.Rd3 Kh8 28.Rad1 f5 29.exf5 Qxf5
30.Be4 Qf7 31.Nc5 Bd2 32.Bd5 Qg6 33.Be4 Qh6 34.Nb3 Bg5 35.g3 Be6 36.h4 Be7
37.Be3 Qh5 38.Nc5 Bc8 39.Nd7 Bxd7 40.Rxd7 Bb4 41.Kg2 Bxa5 42.Ra1 Rbd8 43.Rxd8 Bxd8
44.Rxa6 Bf6 45.Qe2 Nd4 46.Qc4 Nf5 47.Bf2 Be7 48.Qe6 Bd8 49.Bxf5 Qxf5 50.Qxf5 Rxf5
51.Bc5 e4 52.Ra8 exf3+ 53.Kf2 Rd5 54.Bb6 Rd2+ 55.Kxf3 Kg8 56.Rxd8+ Kf7 57.Rxd2  1-0

[Event "WJun"]
[Site "Instanbul TUR"]
[Date "2005.11.17"]
[Round "8"]
[White "Krivokapic,M"]
[Black "Cornette,M"]
[Result "0-1"]
[WhiteElo "2361"]
[BlackElo "2418"]

1.e4 c5 2.Nf3 e6 3.d4 cxd4 4.Nxd4 Nc6 5.Nc3 Qc7 6.Be2 a6 7.O-O b5 8.Nxc6 dxc6
9.f4 Bb7 10.e5 Rd8 11.Bd3 Ne7 12.Kh1 c5 13.Qe2 c4 14.Be4 Nf5 15.Bxb7 Qxb7
16.Qe4 Qxe4 17.Nxe4 h5 18.a4 b4 19.a5 h4 20.c3 Rd3 21.cxb4 Rd4 22.Ng5 Bxb4
23.Ra4 Bc5 24.Re1 Ke7 25.Ra1 Bb4 26.Rf1 Rhd8 27.g4 hxg3 28.Nf3 Rd1 29.Rxd1 Rxd1+
30.Kg2 gxh2 31.Kxh2 Bc5 32.Ng5 Be3 33.Bxe3 Rxa1 34.Bc5+ Ke8 35.Bb4 Ne3 36.Ne4 Nd5
37.Bd2 Ke7 38.Nd6 c3 39.bxc3 Ra2 40.Nc4 Ne3  0-1

[Event "WJun Girls"]
[Site "Instanbul TUR"]
[Date "2005.11.18"]
[Round "9"]
[White "Mongontuul,B"]
[Black "Andriasian,S"]
[Result "0-1"]
[WhiteElo "2408"]
[BlackElo "2263"]

1.e4 c5 2.Nf3 e6 3.d4 cxd4 4.Nxd4 Nc6 5.Nc3 Qc7 6.Nxc6 bxc6 7.Bd3 Nf6 8.O-O e5
9.f4 Bd6 10.Qe2 O-O 11.f5 Be7 12.Kh1 d5 13.Bd2 Rb8 14.b3 Re8 15.Rae1 Bb4
16.exd5 Qa5 17.Ne4 Bxd2 18.b4 Bxb4 19.Nxf6+ gxf6 20.Qg4+ Kf8 21.Re2 cxd5
22.Qh4 Rb6 23.g4 Bd2 24.Qxh7 Bb7 25.h4 d4+ 26.Kh2 Be3 27.g5 e4 28.Bc4 Qe5+
29.Kh1 Bd5 30.Bxd5 Qxd5 31.g6 Ke7 32.c3 Rbb8 33.g7 Qc4 34.Qh5 Rg8 35.Qg4 Qc7
36.Qxe4+ Kd8 37.Rfe1 Re8 38.Qf4 Qc6+  0-1

[Event "Baden Challenge"]
[Site "Pforzheim GER"]
[Date "2005.11.18"]
[Round "2"]
[White "Dinger,F"]
[Black "Beck,F"]
[Result "1/2-1/2"]
[WhiteElo "2209"]
[BlackElo "2214"]

1.e4 c5 2.Nf3 e6 3.d4 cxd4 4.Nxd4 Nc6 5.Nc3 Qc7 6.Be3 a6 7.Qd2 Nf6 8.O-O-O Bb4
9.f3 Ne7 10.a3 Bxc3 11.Qxc3 Qxc3 12.bxc3 e5 13.Nf5 Nxf5 14.exf5 d5 15.g4 h6
16.Rg1 b5 17.f4 exf4 18.Bxf4 Bb7 19.Be5 O-O-O 20.Bd3 Rde8 21.Bd4 Rhg8 22.g5 Ne4
23.h4 hxg5 24.hxg5 Bc6 25.Rdf1 Bd7 26.Rf4 Kb7 27.Kb2 Kc6 28.a4 bxa4 29.c4 Nc5
30.cxd5+ Kxd5 31.Bxc5 Kxc5 32.Bxa6 Re5 33.Bd3 a3+ 34.Kxa3 Rb8 35.Rgf1 f6
36.gxf6 gxf6 37.Rc4+ Kd6 38.Rb4 Ra5+ 39.Kb3 Rxb4+ 40.Kxb4 Ra4+ 41.Kb3 Rg4
42.c4 Rg3 43.Kc3 Kc5 44.Ra1 Bc6 45.Re1 Bd7 46.Rf1 Bc6 47.Rf4 Rf3 48.Rd4 Bb7
49.Rh4 Bc8 50.Rh5 Bd7 51.Kd2 Kd6 52.Ke2 Rg3 53.Rh7 Bc6 54.Rf7 Ke5 55.Rc7 Rg2+
56.Ke3 Rg3+ 57.Kd2 Kd4 58.Rxc6 Rxd3+ 59.Ke2 Re3+ 60.Kf2 Re5 61.Rxf6 Ke4 62.Ke2 Rxf5
63.Rh6 Kd4 64.Rh4+ Kc3  1/2-1/2

[Event "TCh-AUT 2005-6"]
[Site "Austria AUT"]
[Date "2005.11.19"]
[Round "2"]
[White "Kritz,L"]
[Black "Ribli,Z"]
[Result "1/2-1/2"]
[WhiteElo "2545"]
[BlackElo "2585"]

1.e4 c5 2.Nf3 e6 3.Nc3 Nc6 4.d4 cxd4 5.Nxd4 Qc7 6.Be3 a6 7.f4 Nxd4 8.Qxd4 b5
9.Be2 Bb7 10.Bf3 Rc8 11.O-O h5 12.a4 bxa4 13.Nxa4 Nf6 14.Nb6 Bc5 15.Qxc5 Qxc5
16.Bxc5 Rxc5 17.e5 Bxf3 18.Rxf3 Nd5 19.Nxd5 Rxd5 20.Rxa6 Ke7 21.h4 Rc8 22.c3 Rc4
23.b3 Re4 24.Ra2 f6 25.exf6+ Kxf6 26.Kh2 Ke7 27.Kg3 Rd1 28.c4 Red4 29.Re2 g6
30.Kf2 Kf6 31.Re5 R4d2+ 32.Kg3 Rg1 33.Rf2 Rd3+ 34.Rf3 Rd2  1/2-1/2

[Event "IV I Subasic Mem"]
[Site "Zenica BIH"]
[Date "2005.11.19"]
[Round "1"]
[White "Muratovic,En"]
[Black "Rezan,S"]
[Result "1/2-1/2"]
[WhiteElo "2248"]
[BlackElo "2421"]

1.e4 c5 2.Nf3 e6 3.d4 cxd4 4.Nxd4 Nc6 5.Nc3 a6 6.Bc4 Qc7 7.Nxc6 bxc6 8.Qe2 Nf6
9.O-O Be7 10.e5 Nd5 11.Na4 O-O 12.Bd3 f5 13.c4 Nb4 14.Rd1 c5 15.f4 Bb7 16.Bb1 Rad8
17.Nc3 Nc6 18.Be3 g5 19.Qf2 gxf4 20.Bxf4 Kh8 21.Rd6 Rg8 22.Bxf5 Rdf8 23.Nd5  1/2-1/2

[Event "WJun"]
[Site "Instanbul TUR"]
[Date "2005.11.20"]
[Round "11"]
[White "Esen,B"]
[Black "Kurmann,O"]
[Result "1-0"]
[WhiteElo "2384"]
[BlackElo "2287"]

1.e4 c5 2.Nf3 e6 3.d4 cxd4 4.Nxd4 Nc6 5.Nc3 a6 6.f4 Nxd4 7.Qxd4 b5 8.Be3 Bb7
9.a3 Rc8 10.Be2 Nf6 11.Qd3 d5 12.e5 Nd7 13.O-O Bc5 14.Bxc5 Nxc5 15.Qd4 Ne4
16.Nxe4 dxe4 17.Qxd8+ Rxd8 18.Rfd1 Ke7 19.Kf2 f5 20.exf6+ gxf6 21.g4 f5 22.h3 Rc8
23.c3 Rhd8 24.Rxd8 Rxd8 25.Ke3 Bc6 26.Rg1 Kf6 27.Rc1 Rd7 28.Rg1 Rd8 29.Rc1 Rd7
30.b3 Rd8 31.c4 Rd6 32.g5+ Kf7 33.Rd1 Rxd1 34.Bxd1 bxc4 35.bxc4 Ke7 36.Kd4 Kd6
37.c5+ Ke7 38.h4 a5 39.Be2 Ba4 40.h5 Bc6 41.Ke5 Ba4 42.h6 Be8 43.c6 e3 44.Ba6  1-0

[Event "WJun Girls"]
[Site "Instanbul TUR"]
[Date "2005.11.20"]
[Round "11"]
[White "Paehtz,E"]
[Black "Vasilevich,I"]
[Result "1-0"]
[WhiteElo "2408"]
[BlackElo "2389"]

1.e4 c5 2.Nf3 e6 3.d4 cxd4 4.Nxd4 Nc6 5.Nc3 a6 6.Be3 Nf6 7.Be2 Qc7 8.O-O Bb4
9.Na4 O-O 10.c4 Bd6 11.Nxc6 bxc6 12.g3 Nxe4 13.c5 Be7 14.Bd3 Nf6 15.Bf4 Qd8
16.Nb6 Ra7 17.Qe2 h6 18.b4 Nd5 19.Nxd5 cxd5 20.a4 Bf6 21.Rac1 Re8 22.Bd6 Bb7
23.f4 Ra8 24.Rce1 Qc8 25.Qh5 Bd4+ 26.Kg2 Bc3 27.Re2 d4+ 28.Kh3 f5 29.g4 Qd8
30.gxf5 exf5 31.Qxf5 Rxe2 32.Qh7+ Kf7 33.Bxe2 d3 34.Bh5+ Ke6 35.Qxd3  1-0

[Event "WJun"]
[Site "Instanbul TUR"]
[Date "2005.11.20"]
[Round "11"]
[White "Negi,P"]
[Black "Pileckis,E"]
[Result "1-0"]
[WhiteElo "2352"]
[BlackElo "2255"]

1.e4 c5 2.Nf3 Nc6 3.Nc3 e6 4.d4 cxd4 5.Nxd4 Nf6 6.Nxc6 bxc6 7.e5 Nd5 8.Ne4 Qc7
9.f4 Qb6 10.c4 Bb4+ 11.Ke2 f5 12.Nf2 Ba6 13.Kf3 Ne7 14.Be3 Bc5 15.Bxc5 Qxc5
16.Qd6 Qb6 17.b3 c5 18.Rd1 Bb7+ 19.Kg3 Kf7 20.Be2 Rhd8 21.Nd3 Rac8 22.Qxb6 axb6
23.Nb2 Bc6 24.Rd2 Ra8 25.Nd1 Be4 26.Nc3 Nc6 27.Nb5 g5 28.h4 gxf4+ 29.Kxf4 Ke7
30.Rg1 Rg8 31.g4 Nd4 32.Nxd4 cxd4 33.a4 Bc6 34.g5 Rgd8 35.Rxd4 Ra5 36.Rd6 Rg8
37.Rgd1 Ra7 38.h5 Rb7 39.Ra1 Ra7 40.b4 Rb8 41.b5 Be4 42.c5 Rba8 43.g6 hxg6
44.hxg6 Rxa4 45.Rxa4 Rxa4 46.g7 Kf7 47.Rxd7+ Kg8 48.Kg5 f4 49.Kf6 Ra8 50.c6  1-0

[Event "WJun Girls"]
[Site "Instanbul TUR"]
[Date "2005.11.20"]
[Round "11"]
[White "Mongontuul,B"]
[Black "Djukic,Sa"]
[Result "1-0"]
[WhiteElo "2408"]
[BlackElo "2140"]

1.e4 c5 2.Nf3 Nc6 3.d4 cxd4 4.Nxd4 e6 5.Nc3 a6 6.Be3 Nf6 7.Be2 Qc7 8.a3 Bd6
9.g3 Nxd4 10.Bxd4 b5 11.O-O Bb7 12.Qd3 e5 13.Be3 Bc5 14.Rad1 Rc8 15.Bf3 h6
16.Bg2 Bxe3 17.Qxe3 Qc5 18.Qe2 Qc4 19.Qd2 O-O 20.Rfe1 Rc7 21.Re3 Rfc8 22.Qd6 Qc5
23.Bh3 Qxd6 24.Rxd6 Kf8 25.f3 Ke7 26.Rd2 Rc5 27.Bf1 g5 28.h3 Ke6 29.h4 gxh4
30.gxh4 R8c7 31.Red3 d5 32.Bh3+ Kd6 33.exd5 Nxd5 34.Ne4+ Kc6 35.Nxc5 Kxc5
36.Bf5 f6 37.b4+  1-0

[Event "Baden Challenge"]
[Site "Pforzheim GER"]
[Date "2005.11.21"]
[Round "7"]
[White "Schafranietz,S"]
[Black "Beck,F"]
[Result "1/2-1/2"]
[WhiteElo "2334"]
[BlackElo "2214"]

1.e4 c5 2.Nf3 e6 3.d4 cxd4 4.Nxd4 Nc6 5.Nc3 Qc7 6.Be3 a6 7.Be2 Nf6 8.O-O Bb4
9.Na4 Bd6 10.Nxc6 dxc6 11.Bb6 Qe7 12.Qd3 Nd7 13.Rad1 Bb8 14.Ba5 O-O 15.Nb6 Nxb6
16.Bxb6 e5 17.Qe3 Re8 18.Bc5 Qf6 19.Bc4 Be6 20.Bxe6 Qxe6 21.Qb3 Qxb3 22.axb3 Ba7
23.Bxa7 Rxa7 24.Rd7 Kf8 25.Rfd1 Re7 26.Rd8+ Re8 27.R1d7 Rxd8 28.Rxd8+ Ke7
29.Rc8 h5 30.Rc7+ Ke6 31.Kf1 a5 32.f3 g6 33.h4 Kf6 34.Ke2 Ke6 35.Ke3 Kf6
36.g4 hxg4 37.fxg4 Ke6 38.h5 gxh5 39.gxh5 Kf6 40.h6 Kg6 41.h7 Kxh7 42.Rxf7+ Kg6
43.Rf5 a4 44.Rxe5 axb3 45.cxb3 Kf6 46.Rh5 Ra2 47.Rh7 Rxb2 48.Rxb7 Ke5 49.Kd3 Rb1
50.Rb8 Rd1+ 51.Kc2 Re1 52.Re8+ Kd4 53.Rd8+ Ke5 54.Rc8 Kd4 55.Rxc6 Re2+ 56.Kb1 Kd3
57.Rc4 Rh2 58.e5 Re2 59.Rc5 Kd4 60.b4 Rxe5  1/2-1/2

[Event "WJun"]
[Site "Instanbul TUR"]
[Date "2005.11.22"]
[Round "13"]
[White "Romanov,E"]
[Black "Wen Yang"]
[Result "1/2-1/2"]
[WhiteElo "2479"]
[BlackElo "2374"]

1.e4 c5 2.Ne2 Nc6 3.Nbc3 e6 4.d4 cxd4 5.Nxd4 Qc7 6.Be3 a6 7.Bd3 Nf6 8.O-O b5
9.Nxc6 Qxc6 10.a3 Bb7 11.Qe2 Be7 12.f4 O-O 13.e5 Nd5 14.Nxd5 Qxd5 15.c4 bxc4
16.Bxc4 Qc6 17.b4 d6 18.Rac1 dxe5 19.Bd3 Qe8 20.fxe5 Bd5 21.Rc3 a5 22.b5 Qb8
23.Bd4 g6 24.b6 a4 25.Ba6 Qd8 26.Be3 Rb8 27.Qf2  1/2-1/2

[Event "Baden Challenge"]
[Site "Pforzheim GER"]
[Date "2005.11.24"]
[Round "11"]
[White "Bojkov,D"]
[Black "Beck,F"]
[Result "1-0"]
[WhiteElo "2516"]
[BlackElo "2214"]

1.e4 c5 2.Nf3 e6 3.d4 cxd4 4.Nxd4 Nc6 5.Nc3 Qc7 6.Be2 a6 7.O-O Nf6 8.Be3 Bb4
9.Nxc6 dxc6 10.Na4 b5 11.Bc5 Bxc5 12.Nxc5 O-O 13.Qd4 e5 14.Qc3 Re8 15.Rfd1 Be6
16.Rd2 a5 17.Rad1 b4 18.Nxe6 Rxe6 19.Qc4 Ree8 20.h3 h6 21.Bh5 Re7 22.Bg4 c5
23.Bf5 Kf8 24.Rd6 Rb8 25.h4 a4 26.Qa6  1-0

[Event "National Chess Congress"]
[Site "Philadelphia USA"]
[Date "2005.11.24"]
[Round "1"]
[White "Samuelson,A"]
[Black "Rohde,M"]
[Result "0-1"]
[WhiteElo "2191"]
[BlackElo "2512"]

1.e4 c5 2.Nf3 e6 3.d4 cxd4 4.Nxd4 Nc6 5.Nc3 Qc7 6.Be3 a6 7.Qd2 Nf6 8.f3 Bb4
9.O-O-O d5 10.Nxc6 bxc6 11.a3 Be7 12.Bd3 Rb8 13.Na4 c5 14.Qc3 c4 15.e5 Nd7
16.b4 a5 17.bxa5 d4 18.Qxd4 Bxa3+ 19.Kd2 cxd3 20.Qxd3 Qxa5+  0-1

[Event "TCh-NED 2005-6"]
[Site "Netherlands NED"]
[Date "2005.11.26"]
[Round "4"]
[White "Saltaev,M"]
[Black "Kabatianski,A"]
[Result "1-0"]
[WhiteElo "2498"]
[BlackElo "2436"]

1.e4 c5 2.Nf3 e6 3.d4 cxd4 4.Nxd4 Nc6 5.Nc3 a6 6.Be3 Nf6 7.Bd3 Qc7 8.Qe2 d6
9.O-O Be7 10.Kh1 Bd7 11.f4 b5 12.Qf3 O-O 13.Rae1 Rac8 14.Bg1 Nb4 15.e5 Nxd3
16.cxd3 Ne8 17.Qh5 b4 18.Ne4 g6 19.Qh6 dxe5 20.fxe5 Qxe5 21.Nf6+ Qxf6 22.Rxf6 Bxf6
23.Qd2 a5 24.Nb3 Nc7 25.Nxa5 Nd5 26.Nc4 Ra8 27.Bc5 Rfb8 28.a3 bxa3 29.Bxa3 Rb3
30.h3 Bg7 31.Rf1 Bd4 32.Qd1 Rbb8 33.Qf3 Be8 34.Bd6 Rb3 35.Be5 Bxe5 36.Nxe5 Ra7
37.Rf2 Rc7 38.Kh2 Kg7 39.Qe4 Rb4 40.Nc4 Kg8 41.Qe5 Re7 42.Nd6 Ba4 43.Ne4 Rbb7
44.Nc5 Rb4 45.b3 Be8 46.Ra2 Rb6 47.Ra8 f6 48.Qd4 Kf7 49.Rd8 Rb4 50.Qa1 Bc6
51.Qa3 Rb6 52.Ne4 Bd7 53.Qa8 Be8 54.Nd6+  1-0